000 00426nam a2200169Ia 4500
001 14809
005 20260306164941.0
008 260306t9999||||xx |||||||||||||| ||spa||
041 _aESP
082 _a519.4
_bC97
100 _aOñate, Eugenio,
_eAUT
245 0 _aIntroducción al método de los elementos finitos
300 _avi, 263 páginas :
_c30 cm.
650 _aGEN
654 _aCIM
942 _cLIB
_dJUS
_fJUS
_2ddc
_n
999 _c14809
_d14809